Перспективные материалы и технологии в электроизоляционной технике

التفاصيل البيبلوغرافية
المؤلف الرئيسي: Анненков Ю. М. Юрий Михайлович
مؤلف مشترك: Томский политехнический университет
الملخص:Заглавие с титульного экрана
Режим доступа: из корпоративной сети ТПУ
اللغة:الروسية
منشور في: Томск, 2004
الموضوعات:
الوصول للمادة أونلاين:http://www.lib.tpu.ru/fulltext2/m/2004/mk3.pdf
التنسيق: MixedMaterials الكتروني كتاب
KOHA link:https://koha.lib.tpu.ru/cgi-bin/koha/opac-detail.pl?biblionumber=72903

MARC

LEADER 00000nlm0a2200000 4500
001 72903
005 20231031083935.0
035 |a (RuTPU)RU\TPU\book\77738 
090 |a 72903 
100 |a 20050203d k y0rusy50 ca 
101 0 |a rus 
102 |a RU 
105 |a y j 000zy 
135 |a vrcn ---uucaa 
181 0 |a i  
182 0 |a b 
200 1 |a Перспективные материалы и технологии в электроизоляционной технике  |b Электронный ресурс  |f Ю. М. Анненков  |g Томский политехнический университет 
203 |a Текст  |c электронный 
210 |a Томск  |d 2004 
230 |a 1 компьютерный файл (pdf; 1340 KB) 
300 |a Заглавие с титульного экрана 
333 |a Режим доступа: из корпоративной сети ТПУ 
337 |a Adobe Reader 
610 1 |a электроизоляционная техника 
610 1 |a ситаллы 
610 1 |a керамические материалы 
610 1 |a сверхпроводящие материалы 
610 1 |a высокотемпературная сверхпроводимость 
610 1 |a полиимиды 
610 1 |a тонкие пленки 
610 1 |a лекции 
610 1 |a электронный ресурс 
675 |a 666.26(075.8)  |v 3 
700 1 |a Анненков  |b Ю. М.  |g Юрий Михайлович 
712 0 2 |a Томский политехнический университет 
801 1 |a RU  |b 63413507  |c 20050203  |g PSBO 
801 2 |a RU  |b 63413507  |c 20091116  |g PSBO 
856 4 |u http://www.lib.tpu.ru/fulltext2/m/2004/mk3.pdf 
900 |a Перспективные материалы и технологии в электроизоляционной технике 
942 |c CF